Responses for Show #5016 - Monday, June 5, 2006

Contestants

[<< previous game]

Bill Duncliffe, a VP of sales from Danvers, Massachusetts

Audrey Ng, an attorney from Honolulu, Hawaii

Dan Sander, a trust officer from Calgary, Alberta, Canada (whose 1-day cash winnings total $20,000)

[next game >>]

Jeopardy! Round responses

LOST ART
BLOCKBUSTER BLUSTER
CALL ME IRVING
REMEMBER THE 1700s?
FEARFUL QUOTES
"PUN" DAY
    $200 21
(Bill: What are carousels?)

umbrellas

Bill
Triple Stumper
    $200 7
The Sound of Music

Bill
    $200 6
John Irving

Bill
    $200 23
Vesuvius

Bill
    $200 10
fools

Bill
    $200 1
a puncture

Dan
    $400 22
cursive

Dan
    $400 8
clones

Audrey
    $400 14
Washington Irving

Dan
    $400 24
Spain

Bill
    $400 13
Pavarotti

Bill
    $400 2
pungent

Dan
    $600 28
(Alex: [*], yes. Isn't that an interesting piece of information?)
(Bill: Yes, it is!)

jousting

Bill
    $600 9
Titanic

Dan
    $600 15
Irving Wallace

Triple Stumper
    $600 25
Lord Byron

Triple Stumper
    $600 18
Brigitte Bardot

Audrey
    $600 3
(Dan: What's a pundint?)
[Originally accepted as correct; reversed during Dan's contestant interview]

pundit

Dan
Triple Stumper
    $800 29
feathers

Audrey
    $800 11
Joe Pesci

Bill
    $800 16
Irving Stone

Audrey
    $800 26
Peter the Great

Dan
    $800 19
(Bill: What is Rosemary's Baby?)

Dune

Bill
Triple Stumper
    $800 4
a punk

Audrey
    $1000 30
piano tuner

Triple Stumper
    $1000 12
Terminator 3

Dan
    $1000 17
Irving Thalberg

Audrey
    $1,000 27
(Alex: You are back at the same score you had a little while ago, before we had to take away the money.)

France

Dan
    $1000 20
H.P. Lovecraft

Triple Stumper
    $1000 5
Punta

Audrey

Scores at the first commercial break (after clue 15):

Dan Audrey Bill
$2,000 $2,200 $1,800

Scores at the end of the Jeopardy! Round:

Dan Audrey Bill
$4,200 $5,400 $2,000

Double Jeopardy! Round responses

LOST ART
HOLD ME CLOSER, TONY DANZA
POSSESSIVE LIT
THOSE ARE THE RULES
"PRIME"D FOR SUCCESS
CITY OF THE DAY: MILWAUKEE
    $400 26
Michelangelo

Bill
    $400 12
Tony

Dan
    $400 10
Uncle Tom's Cabin

Bill
    $400 15
(Bill: Who is Roberts?)
...
(Alex: They are called the [*]'s Rules, of course.)

(Henry Martin) Robert

DanBill
    $400 4
prime time

Bill
    $400 1
Lake Michigan

Bill
    $800 27
(Alex: Holbein famous for his portraits of [*].)

Henry VIII

Triple Stumper
    $800 13
12 Angry Men

Dan
    $800 22
Gulliver's Travels

Dan
    $800 18
monks

Triple Stumper
    $800 6
the prime meridian

Dan
    $800 2
(Dan: What is Schlitz?)

Miller

DanBill
    $1200 28
Titian

Triple Stumper
    $1200 14
Eugene O'Neill

Bill
    $1,200 23
Charlotte's Web

Dan
    $1200 19
bonds

Dan
    $1200 7
the prime rate

Dan
    $1200 3
(Bill: What is the Athens of Germany?)

the German Athens

DanBill
    $1600 29
(Dan: What is crossing the Potomac?)

crossing the Delaware

DanAudrey
    $1600 16
The Cannonball Run

Triple Stumper
    $1600 24
Swann's Way

Triple Stumper
    $1600 20
(Bill: What is vehicle rules?)

the rules of the road

DanBill
    $1600 8
(Bill: What is the primal force?)

the prime mover

Bill
Triple Stumper
    $1600 5
(Bill: Who is Warren Burger?)

Rehnquist

AudreyBill
    $1,000 30
(Audrey: What is... I don't know.)
(Alex: Ah, [*], remember--in the tub?)

The Death of Marat

Audrey
    $2000 17
Angels in the Outfield

Bill
    $2000 25
Tom Brown's School Days

Audrey
    $2000 21
engagement

Bill
    $2000 9
(Alex: "This is the forest [*]", correct.)

primeval

Audrey
    $2000 11
the Socialist Party

Dan

Scores at the end of the Double Jeopardy! Round:

Dan Audrey Bill
$13,400 $11,600 $3,200

[wagering suggestions for these scores]

Final Jeopardy! Round responses

WORDS IN THE NEWS
BillWhat are is lobbyist[s?
$3,200
AudreyWhat is lobbyist?
$11,599
DanWhat is a lobbyist?
$9,801
lobbyist

Final scores:

Dan Audrey Bill
$23,201 $23,199 $6,400
2-day champion: $43,201 2nd place: $2,000 3rd place: $1,000

Game dynamics:

Coryat scores:

Dan Audrey Bill
$13,400 $12,600 $3,200
19 R
(including 2 DDs),
3 W
11 R,
1 W
(including 1 DD)
16 R,
7 W

Combined Coryat: $29,200

[game clues] [game scores] [suggest correction]

Game tape date: Unknown
The J! Archive is created by fans, for fans. Scraping, republication, monetization, and malicious use prohibited; this site may use cookies and collect identifying information. See terms. The Jeopardy! game show and all elements thereof, including but not limited to copyright and trademark thereto, are the property of Jeopardy Productions, Inc. and are protected under law. This website is not affiliated with, sponsored by, or operated by Jeopardy Productions, Inc. Join the discussion at JBoard.tv.